000 00771cam a2200241 a 4500
001 1965508
005 20180118045645.0
008 880801s1988 mdua b 001 0 eng
010 _a 88023969
020 _a0932020658 (pbk. : alk. paper) :
_c$8.95
040 _aDLC
_cDLC
_dDLC
041 _aeng
080 _a333.7 BAR
082 0 0 _a333.7 BAR
_219
100 _a20
101 _aPOL
240 1 0 _aGlobal 2000 report to the President--entering the twenty-first century.
_nVolume 1
245 1 0 _aGlobal 2000 :
_c[edited by] Gerald C. Barney.
504 _aBibliography: p. 50-51.
740 0 _aGlobal two thousand.
906 _a7
_bcbc
_corignew
_d1
_eocip
_f19
_gy-gencatlg
942 _2ddc
_cBK
999 _c40452
_d40452